| Tag |
First Indicator |
Second Indicator |
Subfields |
| LEADER |
00000cam a2200000 i 4500 |
| 001 |
in00000420613 |
| 005 |
20151012060549.0 |
| 008 |
790726r19851977miuab b 00010 eng d |
| 035 |
|
|
|a (OCoLC)05211974
|
| 035 |
|
|
|9 ABV3346AM
|
| 040 |
|
|
|a SUC
|c SUC
|d TXA
|d UtOrBLW
|
| 049 |
|
|
|a TXAM
|c [A09793209]
|
| 090 |
|
|
|a F59.D8
|b E44 1977a
|
| 100 |
1 |
|
|a Elliott, Suzanne W.
|
| 245 |
1 |
0 |
|a Historical archeology and the national market :
|b a Vermont perspective, 1795-1920 /
|c by Suzanne W. Elliott.
|
| 264 |
|
1 |
|a [Place of publication not identified] :
|b [publisher not identified] ;
|c 1977
|
| 264 |
|
4 |
|c ©1976
|
| 300 |
|
|
|a xv, 263 leaves :
|b illustrations, maps.
|
| 336 |
|
|
|a text
|b txt
|2 rdacontent
|
| 337 |
|
|
|a unmediated
|b n
|2 rdamedia
|
| 338 |
|
|
|a volume
|b nc
|2 rdacarrier
|
| 502 |
|
|
|b Ph. D.
|c University of Massachusetts
|d 1977.
|
| 504 |
|
|
|a Bibliography: pages 248-263.
|
| 533 |
|
|
|a Photocopy of typescript.
|b Ann Arbor, Mich. :
|c University Microfilms International,
|d 1985.
|e 21 cm.
|
| 650 |
|
0 |
|a Excavations (Archaeology)
|z Vermont
|z Dummerston.
|
| 651 |
|
0 |
|a Dummerston (Vt.)
|x Antiquities.
|
| 999 |
|
|
|a MARS
|
| 999 |
f |
f |
|s add6459f-e809-38c3-abfb-fd042ce12fcc
|i 099e6ba4-8d6e-33b7-a711-1aea3159b769
|t 0
|
| 952 |
f |
f |
|p ric
|a Texas A&M University
|b Rellis Campus
|c Joint Library Facility
|d Remote Storage
|t 0
|e F59.D8 E44 1977a
|h Library of Congress classification
|i unmediated -- volume
|m A14809793209
|
| 998 |
f |
f |
|a F59.D8 E44 1977a
|t 0
|l Remote Storage
|